Regionálne modely ekonomiky SR pre potreby projekcií a simulácií dizertačná práca

Salvato in:
Dettagli Bibliografici
Autore principale: Pavlovičová, Slávka
Ente Autore: Ekonomická univerzita v Bratislave. Fakulta hospodárskej informatiky
Altri autori: Husár, Jaroslav
Natura: Libro
Lingua:slovacco
Pubblicazione: Bratislava 2010
Soggetti:
Tags: Aggiungi Tag
Nessun Tag, puoi essere il primo ad aggiungerne!!

MARC

LEADER 00000nam$a2200000$$$4500
001 0116742
005 20240502072312.1
041 0 |a slo 
044 |a SK 
245 1 0 |a Regionálne modely ekonomiky SR pre potreby projekcií a simulácií  |b dizertačná práca  |c Slávka Pavlovičová ; škol. Jaroslav Husár 
264 1 |a Bratislava  |c 2010 
300 |a 99 s. 
610 2 0 |a modely input-output 
610 2 0 |a modely ekonometrické 
100 1 |a Pavlovičová, Slávka 
700 1 |a Husár, Jaroslav 
710 2 |a Ekonomická univerzita v Bratislave. Fakulta hospodárskej informatiky